000 00890nam a2200241Ia 4500
003 OSt
005 20220923211928.0
006 a|||||r|||| 00| 0
007 ta
008 220922b |||||||| |||| 00| 0 san d
024 _a73,741
037 _cTextual
040 _aARTS
_cARTS
_bsan
041 _2san
_asan
082 _aR631x3,1, 15K5
100 _aभट्टाचार्य, रमाशंकर, सम्प
_9161717
245 0 _aसाड् ख्य सूत्रम
_b भिक्षु भाष्य विरचित
246 _aSāḍ khya sūtrama: bhikṣhu bhāṣhya virachita
260 _aवाराणसी
_b भारतीय विद्या
_c1965
300 _a373पृ.
_ccm.
942 _hR631x3,1, 15K5
_cTEXL
_2CC
999 _c304627
_d304627